000 00544nam a22002177a 4500
003 UA-OsUOA
001 56310
007 ta
008 20081014b un ||||| |||| 00| 0 ukr d
100 _aПузирев Д.
090 _a32
_bП88
942 _cSA
040 _aUA-OsUOA
_bukr
_cUA-OsUOA
_dUA-OsUOA
245 _aТерроризм в современных международных отношениях
300 _aС.63-68
955 _a0
041 _aukr
080 _a32
773 0 _w56307
650 7 _a32 Політика
_2UDC
999 _c342395
_d342395